Great essays an introduction to writing essays

Guardat en:
Dades bibliogràfiques
Autor principal: Folse, Keith S
Altres autors: Muchmore-Vokoun, April
Format: Llibre
Idioma:Undetermined
Publicat: Boston, MA Heinle 2002
Matèries:
Accés en línia:http://lrc.tdmu.edu.vn/opac/search/detail.asp?aID=2&ID=7620
Etiquetes: Afegir etiqueta
Sense etiquetes, Sigues el primer a etiquetar aquest registre!
Thư viện lưu trữ: Trung tâm Học liệu Trường Đại học Thủ Dầu Một
LEADER 00806nam a2200217Ia 4500
001 TDMU_7620
008 210410s9999 xx 000 0 und d
082 |a 428.2 
090 |b F428 
100 |a Folse, Keith S 
245 0 |a Great essays 
245 3 |b an introduction to writing essays 
245 0 |c Keith S. Folse, April Muchmore-Vokoun, Elena Vestri Solomon 
260 |a Boston, MA 
260 |b Heinle 
260 |c 2002 
300 |a xiv, 202 p 
650 |a English language   |x Rhetoric   |v Problems, exercises; English language   |v Textbooks for foreign speakers; Report writing   |v Problems, exercises; College readers 
700 |a Muchmore-Vokoun, April 
856 |u http://lrc.tdmu.edu.vn/opac/search/detail.asp?aID=2&ID=7620 
980 |a Trung tâm Học liệu Trường Đại học Thủ Dầu Một